000 00481nam a2200193Ia 4500
005 20240823031522.0
008 240823s9999||||xx |||||||||||||| ||und||
020 _a978-0-07-451586-0
041 _aENGLISH
082 _A621.3 Q1
100 _aDhogal P S
245 0 _aBasic Electrical Engineering with Numerical Problems Vol -I
250 _a1st
260 _c2011
_b"TMH,New Delhi"
500 _aYES
650 _aElectrical
_bElectrical
942 _cBK
999 _c191265
_d191265